Statistics for Largest Lakes in Tanzania Quiz

Click here to take the quiz!

General Stats

  • This quiz has been taken 21 times
    (10 since last reset)
  • The average score is 4 of 6

Answer Stats

Lake% Correct
Lake Malawi
100%
Lake Tanganyika
100%
Lake Victoria
100%
Lake Rukwa
44%
Lake Eyasi
11%
Lake Natron
11%

Score Distribution

Percentile by Number Answered

Percent of People with Each Score

Your Score History

You have not taken this quiz since the last reset